000 00260nam a22001217a 4500
082 _a355.02 SLI'U
100 _aSLIM, SIR WILLIAM
_946240
245 _aUNOFFICIAL HISTORY
250 _a4TH
260 _aLONDON
_bCASSELL
_c1960
300 _a242P
942 _cBK
999 _c582917
_d582917